Educar, tarea de todos los días : (Registro nro. 49438)

Detalles MARC
000 -LEADER
fixed length control field 00863cam a2200241 a 4500
005 - DATE AND TIME OF LATEST TRANSACTION
control field 20250821142654.0
008 - FIXED-LENGTH DATA ELEMENTS--GENERAL INFORMATION
fixed length control field 180815s2017 ck gr 000 0dspa
015 ## - NATIONAL BIBLIOGRAPHY NUMBER
National bibliography number ck-2017-xxxx
020 ## - INTERNATIONAL STANDARD BOOK NUMBER
International Standard Book Number 978-958-8590-63-9
040 ## - CATALOGING SOURCE
Original cataloging agency CO-CtgCURN
Language of cataloging spa
Transcribing agency coctgcurn
082 04 - DEWEY DECIMAL CLASSIFICATION NUMBER
Classification number 371.102
Item number R486
Edition information 23
100 1# - MAIN ENTRY--PERSONAL NAME
Personal name Ribón Badillo, Eduardo Santos.
245 10 - TITLE STATEMENT
Title Educar, tarea de todos los días :
Remainder of title reflexiones para educadores /
Statement of responsibility, etc. Eduardo Santos Ribón Badillo.
250 ## - EDITION STATEMENT
Edition statement 1a. ed.
260 ## - PUBLICATION, DISTRIBUTION, ETC.
Place of publication, distribution, etc. Cartagena de Indias :
Name of publisher, distributor, etc. Universidad de San Buenaventura,
Date of publication, distribution, etc. 2017.
300 ## - PHYSICAL DESCRIPTION
Extent 165 p. ;
Dimensions 24 cm.
500 ## - GENERAL NOTE
General note Incluye datos biográficos del autor.
596 ## -
-- 7
650 14 - SUBJECT ADDED ENTRY--TOPICAL TERM
Topical term or geographic name entry element Pedagogía
General subdivision Prática profesional.
650 24 - SUBJECT ADDED ENTRY--TOPICAL TERM
Topical term or geographic name entry element Educación como profesión.
942 ## - ADDED ENTRY ELEMENTS (KOHA)
Source of classification or shelving scheme Dewey Decimal Classification
Koha item type Cartagena
Classification part 371.102
Item part R486
999 ## - SYSTEM CONTROL NUMBERS (KOHA)
-- 1
Existencias
Withdrawn status Lost status Source of classification or shelving scheme Damaged status Not for loan Collection Home library Current library Shelving location Date acquired Cost, normal purchase price Serial enumeration / chronology Inventory number Total checkouts Full call number Barcode Date last seen Price effective from Koha item type
    Dewey Decimal Classification     Cartagena Miguel Henríquez Castañeda Miguel Henríquez Castañeda Cartagena 08/21/2025 25000.00 371.102 R486   371.102 R486 022637 04/13/2019 04/13/2019 Cartagena